=LDR 00000nam 2200000 4500 =001 INLIS000000000023729 =005 20130612122349 =008 ***********************************Ind** =035 ##$$0010-061300000023729 =041 ##$$a Ind =082 ##$$a 657.45 =090 ##$$a 657.45, Agu a =100 ##$$a Agoes, Sukrisno =245 ##$$a Auditing, Petunjuk pembuatan kertas kerja pemeriksaan soal, Sukrisno Agoes =260 ##$$a 2004 $b Jakarta =300 ##$$a 194 hlm, 28 cm =650 ##$$a Auditing =850 ##$$a NBPNMAT